<?xml version="1.0" encoding="UTF-8"?>
<record
    xmlns:xsi="http://www.w3.org/2001/XMLSchema-instance"
    xsi:schemaLocation="http://www.loc.gov/MARC21/slim http://www.loc.gov/standards/marcxml/schema/MARC21slim.xsd"
    xmlns="http://www.loc.gov/MARC21/slim">

  <leader>00996nam a22002537a 4500</leader>
  <controlfield tag="003">OSt</controlfield>
  <controlfield tag="005">20180907090815.0</controlfield>
  <controlfield tag="008">180226b        xxu||||| |||| 00| 0 spa d</controlfield>
  <datafield tag="020" ind1=" " ind2=" ">
    <subfield code="a">9509714216</subfield>
  </datafield>
  <datafield tag="040" ind1=" " ind2=" ">
    <subfield code="c">PJ</subfield>
  </datafield>
  <datafield tag="100" ind1=" " ind2=" ">
    <subfield code="9">2097</subfield>
    <subfield code="a">Nuta, Ana Raquel</subfield>
  </datafield>
  <datafield tag="245" ind1="1" ind2="0">
    <subfield code="a">Medidas cautelares y bloqueo registral / </subfield>
    <subfield code="c">Ana Raquel Nuta, Domingo Nicol&#xE1;s Rotondaro, Fernando F&#xE9;lix Pr&#xF3;speri.</subfield>
  </datafield>
  <datafield tag="260" ind1=" " ind2=" ">
    <subfield code="a">Buenos Aires :</subfield>
    <subfield code="b">La Rocca, </subfield>
    <subfield code="c">1989.</subfield>
  </datafield>
  <datafield tag="300" ind1=" " ind2=" ">
    <subfield code="a">184 p.</subfield>
    <subfield code="b">23 cm.</subfield>
  </datafield>
  <datafield tag="505" ind1=" " ind2=" ">
    <subfield code="a">Contenido:
Reflejo registral de las medidas cautelares -- Embargo -- Inhibici&#xF3;n general de bienes -- Otras medidas cautelares -- Ap&#xE9;ndice jurisprudencial.</subfield>
  </datafield>
  <datafield tag="650" ind1=" " ind2="0">
    <subfield code="9">267</subfield>
    <subfield code="a">DERECHO PROCESAL</subfield>
  </datafield>
  <datafield tag="650" ind1=" " ind2="0">
    <subfield code="9">1051</subfield>
    <subfield code="a">MEDIDAS CAUTELARES</subfield>
  </datafield>
  <datafield tag="650" ind1=" " ind2="0">
    <subfield code="9">2065</subfield>
    <subfield code="a">INHIBICION GENERAL DE BIENES</subfield>
  </datafield>
  <datafield tag="650" ind1=" " ind2="0">
    <subfield code="9">2066</subfield>
    <subfield code="a">EMBARGO</subfield>
  </datafield>
  <datafield tag="700" ind1=" " ind2=" ">
    <subfield code="9">2098</subfield>
    <subfield code="a">Rotondaro, Domingo Nicol&#xE1;s </subfield>
  </datafield>
  <datafield tag="700" ind1=" " ind2=" ">
    <subfield code="9">2099</subfield>
    <subfield code="a">Pr&#xF3;speri, Fernando F&#xE9;lix</subfield>
  </datafield>
  <datafield tag="700" ind1=" " ind2=" ">
    <subfield code="9">2100</subfield>
    <subfield code="a">Allende, Guillermo Lorenzo</subfield>
    <subfield code="e">prologuista</subfield>
  </datafield>
  <datafield tag="942" ind1=" " ind2=" ">
    <subfield code="2">udc</subfield>
    <subfield code="c">LIB</subfield>
    <subfield code="h">347.927 </subfield>
    <subfield code="i">NUT</subfield>
  </datafield>
  <datafield tag="999" ind1=" " ind2=" ">
    <subfield code="c">1394</subfield>
    <subfield code="d">1394</subfield>
  </datafield>
  <datafield tag="952" ind1=" " ind2=" ">
    <subfield code="0">0</subfield>
    <subfield code="1">0</subfield>
    <subfield code="2">udc</subfield>
    <subfield code="4">0</subfield>
    <subfield code="7">0</subfield>
    <subfield code="a">DJS</subfield>
    <subfield code="b">DJS</subfield>
    <subfield code="d">2018-09-07</subfield>
    <subfield code="o">347.924 NUT</subfield>
    <subfield code="p">0489</subfield>
    <subfield code="r">2018-09-07</subfield>
    <subfield code="w">2018-09-07</subfield>
    <subfield code="y">LIB</subfield>
  </datafield>
</record>
